| 000 | 00915nam a2200265 i 4500 | ||
|---|---|---|---|
| 001 | 149148 | ||
| 003 | ES-MaACL | ||
| 005 | 20251009191605.0 | ||
| 007 | t| | ||
| 008 | 070214s1981 sp |||| | spa d | ||
| 020 | _a84-220-1019-4 | ||
| 080 | _a262.4(460.11)"12/15"(093) | ||
| 245 | 0 | 0 |
_aSynodicon Hispanum. _nI, _pGalicia / _cpor Arturo Bernal Palacios... [et al.] ; dirigido por Antonio García y García. |
| 260 |
_aMadrid : _bLa Editorial Católica, _c1981 ( _fFareso) |
||
| 300 |
_aXXXIX, 627 p. ; _c25 cm. |
||
| 500 | _aÍndices. | ||
| 504 | _aBibliografía: p. XXXVII-XXXIX. | ||
| 546 | _aTextos en español y latín. | ||
| 650 | 4 |
_aConcilios y sínodos- _zGalicia. _9151103 |
|
| 650 | 4 |
_aConcilios y sínodos- _zEspaña. _9142687 |
|
| 700 | 1 |
_aBernal Palacios, Arturo. _928203 |
|
| 700 | 1 |
_aGarcía y García, Antonio, _d1928- _9151099 |
|
| 852 |
_aES-MaACL _jP-1678 |
||
| 999 |
_c149148 _d149148 |
||